Statistics for Formula One Trivia

Click here to take the quiz!

General Stats

  • This quiz has been taken 757 times
    (74 since last reset)
  • The average score is 9 of 20

Answer Stats

QuestionAnswer% Correct
Name one of only two seven-time Driver's World ChampionMichael Schumacher / Lewis Hamilton
100%
Team excluded from the 2007 constructor's championship season because of the "Spy-gate" espionage scandalMcLaren
70%
Late Austrian driver famous for returning to Forumla One and winning the Driver's World Championship after a horrific accident that severely burned his face and bodyNiki Lauda
69%
Principality that hosts the most glamorous race on the Formula One calendarMonaco
66%
Relaxing sounding town that hosts the Belgian Grand PrixSpa
66%
Four-time World Champion, former team owner, and arch-nemesis of Ayrton SennaAlain Prost
56%
Driver who arguably lost the World Championship as a result of the ensuing chaos in that raceFelipe Massa
50%
First ever Formula One World ChampionGiuseppe Farina
50%
German circuit no longer used for Formula One because it is widely believed to be too dangerous despite being loved by driversNordschleife
50%
Street circuit where Sebastial Vettel deliberately drove into the side of Lewis Hamilton after believing he was "brake-checked"Baku
47%
Now retired race where Ayrton Senna and Roland Ratzenberger tragically suffered fatal accidents on the same weekendSan Marino
47%
Manufacturer of the tyres whose tendency to fail at Turn 13 of the 2005 US Grand Prix led to only six cars competing in the raceMichelin
38%
Wall at the final corner of the Circuit Gilles Villeneuve that has put an end to many races for great driversWall of Champions
34%
Longest running Formula One raceItalian Grand Prix
28%
Ostentatious Irish former team owner and erstwhile TV pundit who claims to have "discovered" Michael SchumacherEddie Jordan
25%
Former Formula One supremo who began his career as a trader of motorcycle spare partsBernie Ecclestone
22%
Aerodynamic characteristic that allows a car to travel faster through a corner by increasing the vertical force on the tiresDownforce
22%
Little known team that gave James Hunt his first driveHesketh
19%
Former FIA president who sued the News of the World for publishing scandalous photographs of him engaging in ilicit activitiesMax Mosley
17%
Team principal banned from Formula One for his involvement in one of his drivers deliberately crashing in the 2008 Singapore Grand PrixFlavio Briatore
13%

Score Distribution

Percentile by Number Answered

Percent of People with Each Score

Your Score History

You have not taken this quiz since the last reset